Tokyo 2020 Olympic Medals - Gymnastics - Statistics

General Stats
  • This quiz has been taken 99 times
  • The average score is 13 of 20
Answer Stats
Gold % Correct
United States
100%
China
99%
Great Britain
99%
Japan
97%
ROC
97%
Brazil
95%
Italy
86%
South Korea
82%
Belgium
78%
Germany
73%
Spain
64%
Israel
61%
Belarus
55%
Bulgaria
53%
Greece
50%
Turkey
39%
Croatia
30%
New Zealand
27%
Armenia
24%
Chinese Taipei
18%
No matching quizzes found
Score Distribution
Percent of People with Each Score
Percentile by Number Answered
Your Score History
You have not taken this quiz